000 00412nam a22001337a 4500
020 _a978-93-5027-147-6
082 _a510
_bAGA/M
100 _aAGGARWAL,R. S
245 _aSENIOR SECONDARY SCHOOL MATHEMATICS FOR CLASS-XI
246 _aSENIOR SECONDARY SCHOOL MATHEMATICS FOR CLASS-XI
_bSENIOR SECONDARY SCHOOL MATHEMATICS FOR CLASS-XI
260 _aNEW DELHI
_bBHARATI BHAWAN
_c2018
300 _a1150
942 _cBK
999 _c8542
_d8542